000 00501nam a2200193Ia 4500
003 OSt
005 20221007082822.0
006 a|||||r|||| 00| 0
007 ta
008 221006b |||||||| |||| 00| 0 eng d
024 _a29,458
037 _cDissertations
040 _aFLL
_cFLL
_beng
041 _2eng
_aeng
100 _aPathak Manish Chandra
_9699555
245 0 _aRight to shelter as a justifiable right
942 _cDIS
_2CC
999 _c1167844
_d1167844